Textos de historia del arte
Guardado en:
| Autor principal: | |
|---|---|
| Formato: | Libro |
| Lenguaje: | español |
| Publicado: |
Madrid
Visor
1987
|
| Colección: | La Balsa de la Medusa. Clásicos, 13
|
| Materias: | |
| Etiquetas: |
Agregar Etiqueta
Sin Etiquetas, Sea el primero en etiquetar este registro!
|
MARC
| LEADER | 00000nam a2200000 a 4500 | ||
|---|---|---|---|
| 001 | UCV7636 | ||
| 003 | CL-VaPUC | ||
| 008 | 890410e19870000SP |||||||||||||||||spa|d | ||
| 082 | 0 | 4 | |a 709 |b PLI |2 21 |
| 100 | 0 | |a Plinio Segundo, Cayo |e author |9 301769 | |
| 245 | 1 | 0 | |a Textos de historia del arte |
| 300 | |a 203 p | ||
| 942 | |c BK | ||
| 945 | |d 19890410 00:00:00 | ||
| 260 | |a Madrid |b Visor |c 1987 | ||
| 650 | 0 | |a Arte |9 265238 | |
| 650 | 0 | |a Historia |9 255047 | |
| 583 | |a last modification |c 19890410 00:00:00 |k Rodrigo Vera | ||
| 490 | 0 | |a La Balsa de la Medusa. Clásicos, 13 | |
| 999 | |c 213281 |d 213279 | ||
| 952 | |0 0 |1 0 |4 0 |6 709_000000000000000_PLI_1987 |7 0 |8 A |9 195501 |a BIBARQ |b BIBARQ |d 2019-11-14 |i 2635542 |l 1 |o 709 PLI 1987 |p 2635542 |r 2025-01-20 |s 2022-09-02 |w 2019-11-14 |y BK |k ARQ | ||
| 952 | |0 0 |1 0 |4 0 |6 709_000000000000000_PLI_1987 |7 0 |8 X |9 195502 |a BIBHIS |b BIBHIS |d 2019-11-14 |i 3173046 |o 709 PLI 1987 |p 3173046 |r 2024-01-30 |w 2019-11-14 |y BK_X |k HIS | ||
| 952 | |0 0 |1 0 |4 0 |6 709_000000000000000_PLI_1987 |7 0 |8 A |9 195503 |a BIBART |b BIBART |d 2019-11-14 |i 3518701 |o 709 PLI 1987 |p 3518701 |r 2025-03-13 |w 2019-11-14 |y BK |k ART | ||